Estadística (Registro nro. 5063)

Detalles MARC
000 -LEADER
fixed length control field 01897 a2200301 4500
001 - CONTROL NUMBER
control field 53055
005 - DATE AND TIME OF LATEST TRANSACTION
control field 20260407155804.0
008 - FIXED-LENGTH DATA ELEMENTS--GENERAL INFORMATION
fixed length control field 260407a1993 arg spa d
003 - CONTROL NUMBER IDENTIFIER
control field AR-UNSa-BCEJYS
040 ## - CATALOGING SOURCE
Original cataloging agency AR-UNSa-BCEJYS
Language of cataloging spa
Transcribing agency AR-UNSa-BCEJYS
080 ## - UNIVERSAL DECIMAL CLASSIFICATION NUMBER
Universal Decimal Classification number 519.2
Common auxiliary subdivision Probabilidades y estadística matemática<br/>
020 ## - INTERNATIONAL STANDARD BOOK NUMBER
International Standard Book Number 84-85855-68-X
041 ## - LANGUAGE CODE
Language code of text/sound track or separate title spa
100 1# - MAIN ENTRY--PERSONAL NAME
Personal name Freedman, David
245 10 - TITLE STATEMENT
Title Estadística
250 ## - EDITION STATEMENT
Edition statement 2a. ed.
264 #1 - PRODUCTION, PUBLICATION, DISTRIBUTION, MANUFACTURE, AND COPYRIGHT NOTICE
Place of production, publication, distribution, manufacture Barcelona :
Name of producer, publisher, distributor, manufacturer Antoni Bosch
Date of production, publication, distribution, manufacture, or copyright notice 1993
300 ## - PHYSICAL DESCRIPTION
Extent xvi, 623 p.
Dimensions 23 cm.
505 ## - FORMATTED CONTENTS NOTE
Formatted contents note 1. Experimetos controlados - 2. Estudios observacionales - 3. El histograma - 4. La media y la desviación estándar - 5. Aproximación normal de un conjunto de datos - 6. El error de medida - 7. Trazado de líneas y puntos - 8. Correlación - 9. Más sobre correlación - 10. Regresión - 11. El error cuadrático medio en el contexto de la regresión - 12. La línea de regresión - 13. ¿Cuál es la probabilidad? - 14. Más sobre probabilidad - 15. Los coeficientes binomiales - 16. La ley de promedios - 17. El valor esperado y el error estándar - 18. La aproximación normal de los histogramas de probabilidad - 19. Encuestas muestrales - 20. Errores aleatorios en el muestreo - 21. La precisión de los porcentajes - 22. Medición de la ocupación y del paro - 23. La precisión de las medias - 24. Un modelo de error de medida - 25. Modelos estocásticos en genética - 26. Contrastes de significación - 27. Más contrastes para medias - 28. El contraste - 29. Una mirada más afondo sobre los contrastes de significación
590 ## - LOCAL NOTE (RLIN)
Local note niveau_biblio:m niveau_hierar:0
700 1# - ADDED ENTRY--PERSONAL NAME
Personal name Pisani, Robert
700 1# - ADDED ENTRY--PERSONAL NAME
Personal name Coduras, Alicia
700 1# - ADDED ENTRY--PERSONAL NAME
Personal name Purves, Roger
700 1# - ADDED ENTRY--PERSONAL NAME
Personal name Cuffí, Toni
700 1# - ADDED ENTRY--PERSONAL NAME
Personal name Adhikari, Ani
856 41 - ELECTRONIC LOCATION AND ACCESS
Uniform Resource Identifier <a href="https://www.biblioeco.unsa.edu.ar/pmb/images/libros/L128407.jpg">https://www.biblioeco.unsa.edu.ar/pmb/images/libros/L128407.jpg</a>
Link text Imagen de portada
Electronic format type image/jpeg
942 ## - ADDED ENTRY ELEMENTS (KOHA)
Koha item type
Existencias
Withdrawn status Lost status Damaged status Not for loan Home library Current library Shelving location Date acquired Total checkouts Full call number Barcode Date last seen Price effective from Koha item type
        Biblioteca Prof. Eusebio Cleto del Rey Biblioteca Prof. Eusebio Cleto del Rey   07/04/2026   519.2 E79 2ed. L128407 07/04/2026 07/04/2026 Libro